00568nam a2200181 450000500170000000800410001701000130005802000220007103500130009303700150010604000180012108200080013924500550014726000420020227000730024430000210031765000480033820090922114115.0700624s1969 ii b 000 0 eng  aB-358133 a817812341Xc30.00 aB-358133 bDBAD / PUB adplbEnglish  a921 aReader's delight biography of Bal Gangadhar Tilak  aNew Delhi bReader's Delight c(200?) a12-H, New Daryaganj Road, Opp. Traffic Kotwali, bNew Delhi e110002 a56p.c22cm(pbk)  aTilak, Bal Gangadhard1856-1930xBiography